000 00608nam a2200241 a 4500
001 0001-1245
003 ELIB.Books
008 150603 2010 eng
020 _a087788370X
035 _a(ELIB.Books)0001-1400
092 _a780
_bFul
100 _aFuller, Cheri
245 _aHow To Grow a Young Music Lover
260 _aWheaton
_bHarold Shaw Publishers
_c1994
300 _a194
_c21.5 Cm
500 _aC/o Moe Tarmalar Paw
650 _aMusic
856 _nKBTS: Library
_uKBTS: Elib
942 _2ddc
_cBK
990 _a2
998 _cbat
_e2015-06-03
999 _c11245
_d11245